[Event "BL 0405 SF Katernberg - Hamburger SK"]
[Site "?"]
[Date "2004.11.14"]
[Round "2.1"]
[White "Gustafsson, Jan"]
[Black "Volokitin, Andrei"]
[Result "1/2-1/2"]
[WhiteElo "2603"]
[BlackElo "2652"]
[PlyCount "43"]
[EventDate "2004.??.??"]

1. d4 Nf6 2. c4 g6 3. Nc3 Bg7 4. e4 d6 5. Nf3 O-O 6. Be2 e5 7. Be3 Na6 8. O-O
Ng4 9. Bg5 Qe8 10. dxe5 dxe5 11. h3 f6 12. Bd2 Nh6 13. c5 Nxc5 14. Qc1 Nf7 15.
Nd5 Ne6 16. Nxc7 Nxc7 17. Qxc7 Nd8 18. Bc4+ Be6 19. Rfc1 Rf7 20. Bxe6 Qxe6 21.
Qc4 Rd7 22. Kf1 1/2-1/2

[Event "BL 0405 SF Katernberg - Hamburger SK"]
[Site "?"]
[Date "2004.11.14"]
[Round "2.2"]
[White "Naiditsch, Arkadij"]
[Black "Ftacnik, Lubomir"]
[Result "0-1"]
[WhiteElo "2611"]
[BlackElo "2533"]
[PlyCount "110"]
[EventDate "2004.??.??"]

1. e4 c5 2. Nf3 d6 3. d4 cxd4 4. Nxd4 Nf6 5. Nc3 a6 6. Bc4 e6 7. Bb3 Nbd7 8. f4
Nc5 9. Qf3 Be7 10. O-O O-O 11. Be3 Qc7 12. g4 b5 13. g5 Nfxe4 14. Nxe4 Bb7 15.
Nxe6 Nxe6 16. Rad1 Nc5 17. Bd5 Bxd5 18. Rxd5 Nxe4 19. Qxe4 Rfe8 20. Qd3 Rac8
21. c3 Qb7 22. Bf2 Rc4 23. Rd4 Rxd4 24. Qxd4 Bf8 25. Qd2 Qc8 26. Re1 Rxe1+ 27.
Bxe1 Qe6 28. a3 d5 29. Bg3 Qe4 30. h4 Bc5+ 31. Bf2 Bd6 32. Bg3 g6 33. Qf2 h5
34. Kh2 Bc7 35. Qd2 Qe6 36. Qd3 Bb6 37. Kg2 Kf8 38. Qf3 Qe4 39. Qxe4 dxe4 40.
Bf2 Bc7 41. Be3 Ke7 42. b3 Bd6 43. a4 bxa4 44. bxa4 f5 45. gxf6+ Kxf6 46. c4
Kf5 47. Kg3 Bb4 48. Kf2 Be7 49. Kg3 Bd6 50. Bd2 Bc5 51. Bc3 Be3 52. Be5 Bd2 53.
Bd6 Be1+ 54. Kh3 e3 55. Kg2 Ke4 0-1

[Event "BL 0405 SF Katernberg - Hamburger SK"]
[Site "?"]
[Date "2004.11.14"]
[Round "2.3"]
[White "Hansen, Sune Berg"]
[Black "Glek, Igor V"]
[Result "1/2-1/2"]
[WhiteElo "2551"]
[BlackElo "2580"]
[PlyCount "72"]
[EventDate "2004.??.??"]

1. e4 e6 2. d4 d5 3. Nd2 dxe4 4. Nxe4 Nd7 5. Nf3 Ngf6 6. Nxf6+ Nxf6 7. Bd3 c5
8. O-O cxd4 9. Bf4 Bd6 10. Qd2 O-O 11. Rfe1 Bxf4 12. Qxf4 Qb6 13. Nxd4 Rd8 14.
Nb3 Bd7 15. Re5 Bc6 16. Rae1 a5 17. Rg5 h6 18. Rg3 Kf8 19. Qc1 a4 20. Nd2 Qc7
21. Nc4 Bb5 22. Ne5 Bxd3 23. Nxd3 Rac8 24. Re2 Qc4 25. Qa1 Rd4 26. h3 Re4 27.
Rd2 Qd5 28. b3 Qd4 29. Qc1 axb3 30. axb3 Qa7 31. Qb2 Rd4 32. Rd1 Qb6 33. Re1
Qd8 34. Rf3 Qd6 35. Qb1 Qc7 36. Re2 Qd6 1/2-1/2

[Event "BL 0405 SF Katernberg - Hamburger SK"]
[Site "?"]
[Date "2004.11.14"]
[Round "2.4"]
[White "Chuchelov, Vladimir"]
[Black "Wahls, Matthias"]
[Result "1-0"]
[WhiteElo "2571"]
[BlackElo "2551"]
[PlyCount "79"]
[EventDate "2004.??.??"]

1. Nf3 Nf6 2. c4 c5 3. Nc3 e6 4. g3 b6 5. Bg2 Bb7 6. O-O d6 7. Re1 Be7 8. e4
Nbd7 9. d4 cxd4 10. Nxd4 Qc7 11. Be3 Rc8 12. f4 O-O 13. g4 Nc5 14. Bf2 g6 15.
e5 dxe5 16. fxe5 Ne8 17. Qe2 Bxg2 18. Kxg2 Ng7 19. Rad1 Rfd8 20. Nf3 Ne8 21.
Bd4 Qc6 22. b3 Rd7 23. Bxc5 Bxc5 24. Rxd7 Qxd7 25. Rd1 Qb7 26. Qe4 Qe7 27. h3
f6 28. exf6 Nxf6 29. Qe5 Nd7 30. Qg5 Qxg5 31. Nxg5 Nf8 32. Nge4 Be7 33. Kf3 g5
34. Nb5 a6 35. Nd4 Kf7 36. Ke3 Ng6 37. Nf3 h6 38. Rd7 Ke8 39. Rb7 Bd8 40. Nd6+
1-0

[Event "BL 0405 SF Katernberg - Hamburger SK"]
[Site "?"]
[Date "2004.11.14"]
[Round "2.5"]
[White "Bezold, Michael"]
[Black "L'Ami, Erwin"]
[Result "1-0"]
[WhiteElo "2532"]
[BlackElo "2516"]
[PlyCount "71"]
[EventDate "2004.??.??"]

1. g3 d5 2. Bg2 c6 3. b3 Nf6 4. Bb2 g6 5. Nf3 Bg7 6. d3 Bg4 7. Nbd2 Nbd7 8. c4
Bxf3 9. Nxf3 O-O 10. Qc2 Nh5 11. d4 e6 12. O-O f5 13. b4 Nhf6 14. Rab1 Re8 15.
Rfd1 Ne4 16. e3 b5 17. c5 Qe7 18. a4 a6 19. Ra1 e5 20. Ra3 g5 21. Rda1 Rad8 22.
axb5 axb5 23. Ra7 g4 24. Nxe5 Bxe5 25. dxe5 Qe6 26. Qd1 Nf8 27. Qd4 Rd7 28.
Rxd7 Nxd7 29. Ra6 Nf8 30. f4 Re7 31. Bf1 Rb7 32. Rb6 Rxb6 33. cxb6 Qd7 34. e6
Nxe6 35. Qh8+ Kf7 36. b7 1-0

[Event "BL 0405 SF Katernberg - Hamburger SK"]
[Site "?"]
[Date "2004.11.14"]
[Round "2.6"]
[White "Senff, Martin"]
[Black "Reeh, Oliver"]
[Result "1-0"]
[WhiteElo "2430"]
[BlackElo "2464"]
[PlyCount "59"]
[EventDate "2004.??.??"]

1. e4 e5 2. Nf3 Nc6 3. Nc3 Nf6 4. d4 exd4 5. Nxd4 Bc5 6. Nxc6 bxc6 7. Bd3 d6 8.
O-O Ng4 9. h3 Ne5 10. Be2 g5 11. Na4 Bb6 12. Nxb6 axb6 13. f4 gxf4 14. Bxf4 Be6
15. Qd2 Rg8 16. Qc3 c5 17. Bb5+ c6 18. Bxe5 cxb5 19. Bf6 Qd7 20. Rf3 b4 21. Qe3
Rg6 22. Rd1 Qc6 23. Qf4 c4 24. Rg3 Rxg3 25. Qxg3 Kd7 26. Be5 Qc5+ 27. Kh2 Kc6
28. Rxd6+ Kb5 29. Bd4 Qh5 30. Rxb6+ 1-0

[Event "BL 0405 SF Katernberg - Hamburger SK"]
[Site "?"]
[Date "2004.11.14"]
[Round "2.7"]
[White "Heinemann, Thies"]
[Black "Thesing, Matthias"]
[Result "1-0"]
[WhiteElo "2453"]
[BlackElo "2420"]
[PlyCount "121"]
[EventDate "2004.??.??"]

1. e4 e6 2. d4 d5 3. Nd2 c5 4. exd5 Qxd5 5. Ngf3 cxd4 6. Bc4 Qd6 7. O-O Nf6 8.
Nb3 Nc6 9. Nbxd4 Nxd4 10. Qxd4 a6 11. Bf4 Qxd4 12. Nxd4 b5 13. Bb3 Bc5 14. Rad1
Bb7 15. c4 bxc4 16. Bxc4 Bd5 17. Bxd5 Nxd5 18. Be5 O-O 19. Nf5 Nf6 20. Rc1 Ne4
21. Ng3 Nxg3 22. Bxg3 Bd4 23. Rc2 e5 24. b3 a5 25. Re1 f6 26. Kf1 g5 27. f3
Rfb8 28. Rc4 a4 29. b4 a3 30. Rxd4 exd4 31. Bxb8 Rxb8 32. Rb1 Kf7 33. Ke2 Ke6
34. Kd3 Kd5 35. b5 Rb6 36. g4 Kc5 37. Rb3 Kd5 38. Rxa3 Rxb5 39. Ra4 Rb2 40.
Rxd4+ Ke5 41. Re4+ Kd5 42. Re2 Rb4 43. Kc3 Rf4 44. Re3 Kc5 45. a3 h5 46. gxh5
Rh4 47. Re6 Rf4 48. Kd3 Kd5 49. Re3 Rh4 50. Re2 Rxh5 51. a4 f5 52. a5 Rh3 53.
Rf2 Kc5 54. a6 Kb6 55. Kd4 g4 56. Ra2 Ka7 57. f4 Rb3 58. Ke5 Rb5+ 59. Kf6 Rc5
60. Re2 Kxa6 61. Re5 1-0

[Event "BL 0405 SF Katernberg - Hamburger SK"]
[Site "?"]
[Date "2004.11.14"]
[Round "2.8"]
[White "Siebrecht, Sebastian"]
[Black "Langrock, Hannes"]
[Result "0-1"]
[WhiteElo "2366"]
[BlackElo "2407"]
[PlyCount "64"]
[EventDate "2004.??.??"]

1. c4 b6 2. Nf3 Bb7 3. Nc3 c5 4. e3 Nf6 5. d4 g6 6. d5 Bg7 7. e4 O-O 8. Be2 e6
9. e5 Ng4 10. Bf4 exd5 11. Nxd5 Nc6 12. Bg5 Qb8 13. Nf6+ Bxf6 14. exf6 Nce5 15.
Qd2 Nxf3+ 16. gxf3 Qe5 17. fxg4 Bxh1 18. O-O-O Rfe8 19. Bh4 Kh8 20. Qh6 Rg8 21.
Rd2 Bc6 22. Bd1 Qe4 23. Rc2 d5 24. cxd5 Qxd5 25. Bg5 Rad8 26. Rd2 Qc4+ 27. Bc2
Rxd2 28. Kxd2 Rd8+ 29. Ke1 Qe6+ 30. Kf1 Bb5+ 31. Kg1 Qxg4+ 32. Kh1 Bc6+ 0-1

[Event "BL 0405 SV Mülheim Nord - Preetzer TSV"]
[Site "?"]
[Date "2004.11.14"]
[Round "2.1"]
[White "Rasmussen, Karsten"]
[Black "Landa, Konstantin"]
[Result "1/2-1/2"]
[WhiteElo "2462"]
[BlackElo "2571"]
[PlyCount "99"]
[EventDate "2004.??.??"]

1. Nf3 d5 2. d4 Nf6 3. c4 e6 4. Nc3 Bb4 5. Bg5 h6 6. Bxf6 Qxf6 7. e3 c6 8. Bd3
Nd7 9. O-O O-O 10. e4 Bxc3 11. bxc3 dxe4 12. Bxe4 e5 13. Re1 exd4 14. cxd4 Rd8
15. Qb3 Nf8 16. Rad1 Rb8 17. d5 cxd5 18. cxd5 Qd6 19. Ne5 Bd7 20. Qf3 Be8 21.
Nc4 Qa6 22. Ne3 Qxa2 23. Nf5 Qb2 24. d6 Qf6 25. Bxb7 Kh8 26. Be4 Ne6 27. Qa3
Ng5 28. Bc2 Bd7 29. Ng3 Qb2 30. Qd3 Bb5 31. Qd2 Rbc8 32. Bf5 Qxd2 33. Rxd2 Bd7
34. h4 Ne6 35. Ra1 g6 36. Be4 Nc5 37. Rxa7 Be6 38. Bf3 Rb8 39. Ne4 Nxe4 40.
Bxe4 Rb6 41. d7 Kg7 42. h5 gxh5 43. Kh2 Kf6 44. Rc7 Ke7 45. Bc6 Rb4 46. Ra7 h4
47. Ba4 Rf4 48. Bc6 Rb4 49. Ba4 Rf4 50. Bc6 1/2-1/2

[Event "BL 0405 SV Mülheim Nord - Preetzer TSV"]
[Site "?"]
[Date "2004.11.14"]
[Round "2.3"]
[White "Fries Nielsen, Jens Ove"]
[Black "Levin, Felix"]
[Result "1/2-1/2"]
[WhiteElo "2379"]
[BlackElo "2498"]
[PlyCount "34"]
[EventDate "2004.??.??"]

1. d4 Nf6 2. Nf3 c5 3. e3 g6 4. dxc5 Qa5+ 5. Bd2 Qxc5 6. Bc3 Bg7 7. Be2 b6 8.
O-O Bb7 9. a4 a6 10. Bd4 Qc7 11. Nc3 O-O 12. Bxf6 Bxf6 13. Nd5 Bxd5 14. Qxd5
Nc6 15. c3 e6 16. Qd3 d5 17. e4 Rfd8 1/2-1/2

[Event "BL 0405 SV Mülheim Nord - Preetzer TSV"]
[Site "?"]
[Date "2004.11.14"]
[Round "2.5"]
[White "Wisnewski, Christoph"]
[Black "Saltaev, Mihail"]
[Result "1/2-1/2"]
[WhiteElo "2392"]
[BlackElo "2485"]
[PlyCount "32"]
[EventDate "2004.??.??"]

1. d4 d5 2. Nc3 c6 3. Bg5 Nf6 4. e3 Bf5 5. Bd3 Bxd3 6. cxd3 e6 7. Nge2 Be7 8.
O-O O-O 9. Rb1 Na6 10. a3 c5 11. dxc5 Nxc5 12. Bxf6 Bxf6 13. d4 Nd7 14. Qd3 Nb6
15. b3 a6 16. a4 Nc8 1/2-1/2

[Event "BL 0405 SV Mülheim Nord - Preetzer TSV"]
[Site "?"]
[Date "2004.11.14"]
[Round "2.6"]
[White "Lytchak, Alexander Dr"]
[Black "Junge, Kai"]
[Result "1/2-1/2"]
[WhiteElo "2436"]
[BlackElo "2259"]
[PlyCount "66"]
[EventDate "2004.??.??"]

1. Nf3 Nf6 2. d4 g6 3. g3 Bg7 4. Bg2 O-O 5. O-O d6 6. Nc3 Nbd7 7. e4 e5 8. Re1
c6 9. a4 a5 10. h3 Re8 11. Bg5 Qb6 12. Qd2 exd4 13. Nxd4 Ne5 14. b3 Bxh3 15.
Bxh3 Qxd4 16. Bg2 Qb4 17. Rad1 Nfg4 18. Ne2 Qb6 19. Nd4 h6 20. Bf4 Kh7 21. Kh1
Rad8 22. f3 Nf6 23. Be3 Qc7 24. c4 Nfd7 25. Qc2 Nc5 26. Bh3 Na6 27. Kg2 Nb4 28.
Qe2 Kg8 29. Rd2 Na6 30. Qd1 Nc5 31. Bf4 Qb6 32. Be3 Ned7 33. Rde2 Qc7 1/2-1/2

[Event "BL 0405 SV Mülheim Nord - Preetzer TSV"]
[Site "?"]
[Date "2004.11.14"]
[Round "2.7"]
[White "Willsch, Matthias"]
[Black "Hausrath, Daniel"]
[Result "0-1"]
[WhiteElo "2250"]
[BlackElo "2478"]
[PlyCount "64"]
[EventDate "2004.??.??"]

1. d4 g6 2. c4 Bg7 3. Nc3 Nf6 4. e4 d6 5. f4 Bg4 6. Be2 Bxe2 7. Qxe2 Nc6 8. Nf3
e5 9. fxe5 dxe5 10. d5 Nd4 11. Qd1 O-O 12. Bg5 h6 13. Bh4 Qd6 14. O-O Ng4 15.
Bf2 Qb4 16. Nxd4 Nxf2 17. Qb3 Qc5 18. Rxf2 exd4 19. Na4 Qe7 20. Qd3 Rae8 21.
Re1 Qb4 22. Qd1 d3 23. Rf3 d2 24. Re2 Qxc4 25. Nc3 Bd4+ 26. Kh1 f5 27. Qxd2
fxe4 28. Rxf8+ Rxf8 29. g3 e3 30. Qc2 Bxc3 31. bxc3 Qxd5+ 32. Kg1 Rf1+ 0-1

[Event "BL 0405 Stuttgarter Sfr - SV Hofheim"]
[Site "?"]
[Date "2004.11.14"]
[Round "2.1"]
[White "Savchenko, Stanislav"]
[Black "Oral, Tomas"]
[Result "1/2-1/2"]
[WhiteElo "2497"]
[BlackElo "2565"]
[PlyCount "59"]
[EventDate "2004.??.??"]

1. Nf3 c5 2. c4 Nc6 3. d4 cxd4 4. Nxd4 e6 5. Nb5 d6 6. g3 a6 7. N5c3 Nf6 8. Bg2
Be7 9. Bf4 O-O 10. O-O Ne5 11. c5 Nh5 12. cxd6 Qxd6 13. Qxd6 Bxd6 14. Rd1 Bb8
15. Bxe5 Bxe5 16. Na3 Rb8 17. Nc4 Bc7 18. Rac1 Nf6 19. Nd6 Rd8 20. Nxc8 Rdxc8
21. Na4 Kf8 22. Nc5 Bb6 23. Nd3 Rxc1 24. Rxc1 Ke7 25. e3 Kd7 26. Kf1 Kd6 27. b4
a5 28. a3 axb4 29. axb4 Bd8 30. Nc5 1/2-1/2

[Event "BL 0405 Stuttgarter Sfr - SV Hofheim"]
[Site "?"]
[Date "2004.11.14"]
[Round "2.2"]
[White "Sedlak, Nikola"]
[Black "Hickl, Joerg"]
[Result "1/2-1/2"]
[WhiteElo "2521"]
[BlackElo "2530"]
[PlyCount "81"]
[EventDate "2004.??.??"]

1. e4 g6 2. d4 d6 3. Nc3 Bg7 4. Be3 a6 5. h4 h5 6. Qd2 Nf6 7. f3 b5 8. Nh3 Bxh3
9. Rxh3 Nbd7 10. d5 Qc8 11. a4 bxa4 12. Rxa4 c6 13. Bc4 O-O 14. Qe2 cxd5 15.
Nxd5 Nxd5 16. Bxd5 Rb8 17. b3 Nc5 18. Bxc5 Qxc5 19. Kf1 e6 20. Bc4 a5 21. g3 d5
22. Bd3 dxe4 23. Rxe4 Rb4 24. Kg2 Rxe4 25. Qxe4 Rd8 26. Rh1 Rd5 27. Re1 Kh7 28.
f4 Qd6 29. Re2 Rc5 30. Qb7 Rc7 31. Qf3 Kh6 32. Re4 Bd4 33. Re2 Kg7 34. Qa8 Bc3
35. Qe4 Bd4 36. Kh2 Re7 37. Kg2 Bf6 38. Qa8 Qc5 39. Qe4 Bd4 40. Qa8 Qb6 41. Qf3
1/2-1/2

[Event "BL 0405 Stuttgarter Sfr - SV Hofheim"]
[Site "?"]
[Date "2004.11.14"]
[Round "2.3"]
[White "Ginsburg, Gennadi"]
[Black "Schmittdiel, Eckhard"]
[Result "1-0"]
[WhiteElo "2481"]
[BlackElo "2454"]
[PlyCount "77"]
[EventDate "2004.??.??"]

1. e4 e6 2. d4 d5 3. Nd2 f5 4. exf5 exf5 5. Ndf3 Nf6 6. Bd3 Bd6 7. Ne2 c6 8.
O-O Qc7 9. c4 O-O 10. c5 Be7 11. b4 Ne4 12. a4 Nd7 13. Ne1 f4 14. Qc2 g5 15. f3
Nef6 16. g3 Rf7 17. gxf4 g4 18. Ng3 Kh8 19. fxg4 Nxg4 20. Nf3 Nf8 21. f5 Rg7
22. Ne5 Bf6 23. Bf4 Nxe5 24. dxe5 Bxe5 25. Bxe5 Qxe5 26. Rae1 Qd4+ 27. Kh1 Bd7
28. Nh5 Rg4 29. Re7 a5 30. bxa5 Rxa5 31. f6 Rxa4 32. Rf7 Rg8 33. Rg7 Bg4 34.
Bxh7 Bf5 35. Rxf5 Ra1+ 36. Kg2 Rg1+ 37. Kh3 Ng6 38. Rxg8+ Kxh7 39. Rxg6 1-0

[Event "BL 0405 Stuttgarter Sfr - SV Hofheim"]
[Site "?"]
[Date "2004.11.14"]
[Round "2.5"]
[White "Zude, Arno"]
[Black "Papa, Severin"]
[Result "1/2-1/2"]
[WhiteElo "2398"]
[BlackElo "2411"]
[PlyCount "32"]
[EventDate "2004.??.??"]

1. e4 e5 2. Nf3 Nc6 3. Bb5 Nf6 4. O-O Nxe4 5. d4 Nd6 6. Bxc6 dxc6 7. dxe5 Nf5
8. Qxd8+ Kxd8 9. Nc3 h6 10. h3 Ne7 11. Rd1+ Ke8 12. Nd4 Ng6 13. f4 Bc5 14. Kh2
Bxd4 15. Rxd4 h5 16. Be3 h4 1/2-1/2

[Event "BL 0405 Stuttgarter Sfr - SV Hofheim"]
[Site "?"]
[Date "2004.11.14"]
[Round "2.6"]
[White "Reuss, Andreas"]
[Black "Houska, Jovanka"]
[Result "1/2-1/2"]
[WhiteElo "2356"]
[BlackElo "2298"]
[PlyCount "86"]
[EventDate "2004.??.??"]

1. Nf3 d5 2. d4 c6 3. c3 Bf5 4. Bf4 Nf6 5. e3 e6 6. Nbd2 h6 7. Qb3 Qb6 8. h3
Nbd7 9. Be2 Be7 10. O-O O-O 11. Rac1 Rfc8 12. Bh2 c5 13. c4 Qxb3 14. Nxb3 dxc4
15. Bxc4 Nb6 16. Be2 Na4 17. Na5 cxd4 18. Nxd4 Be4 19. Nc4 Nxb2 20. Nxb2 Ba3
21. Rfd1 Bxb2 22. f3 Bxd4 23. Rxd4 Bc6 24. Kf2 Re8 25. e4 e5 26. Rd2 Kf8 27.
Ke3 Nd7 28. Bg3 Ke7 29. Bc4 Nb6 30. Bb3 f6 31. Be1 Rad8 32. Rxd8 Kxd8 33. Ba5
Kc7 34. Bb4 Nd7 35. Be6 Kd8 36. Bxd7 Kxd7 37. Bf8 g5 38. Bxh6 Ke7 39. g3 Bd7
40. h4 gxh4 41. gxh4 b5 42. a3 Kf7 43. Kd3 Bh3 1/2-1/2

[Event "BL 0405 Stuttgarter Sfr - SV Hofheim"]
[Site "?"]
[Date "2004.11.14"]
[Round "2.7"]
[White "Pirrot, Dieter"]
[Black "Vujic, Branimir"]
[Result "1/2-1/2"]
[WhiteElo "2398"]
[BlackElo "2360"]
[PlyCount "125"]
[EventDate "2004.??.??"]

1. e4 d5 2. exd5 Nf6 3. Nf3 Nxd5 4. d4 Bf5 5. Bd3 Qc8 6. O-O Nb4 7. Bxf5 Qxf5
8. Na3 e6 9. c3 Nd5 10. Re1 Nd7 11. c4 N5b6 12. c5 Nd5 13. Qb3 Be7 14. Qxb7 O-O
15. Qb3 Bf6 16. Qc2 Qh5 17. Nc4 Rfd8 18. a3 Nf8 19. Nce5 Ng6 20. Nc6 Re8 21.
Qe4 a5 22. Bd2 a4 23. Nb4 Red8 24. Nc6 Re8 25. h3 Nge7 26. Nce5 Ng6 27. Nd3
Red8 28. Kh2 Nh4 29. Nxh4 Qxh4 30. Qxh4 Bxh4 31. Re4 Bf6 32. g4 g6 33. Ne5
Bxe5+ 34. dxe5 Rab8 35. Bg5 Rdc8 36. Rxa4 Rxb2 37. Kg1 Rc2 38. Rc1 Re2 39. Bf6
h6 40. Kf1 Ra2 41. h4 Rb8 42. Kg1 Kh7 43. c6 Re2 44. g5 Rd2 45. Ra7 Rd4 46. Rb7
Ra8 47. Rcb1 Rxa3 48. Rb8 Nxf6 49. exf6 Rg4+ 50. Kf1 Rxh4 51. R1b7 Ra1+ 52. Ke2
Ra2+ 53. Kf1 Rh1+ 54. Kg2 Rh5 55. Rxc7 Rxg5+ 56. Kf1 Ra1+ 57. Ke2 Re5+ 58. Kd2
Ra2+ 59. Kd3 Rd5+ 60. Ke3 Ra3+ 61. Ke2 Ra2+ 62. Ke3 Ra3+ 63. Ke2 1/2-1/2

[Event "BL 0405 Stuttgarter Sfr - SV Hofheim"]
[Site "?"]
[Date "2004.11.14"]
[Round "2.8"]
[White "Heinatz, Thomas"]
[Black "Zude, Erik Dr"]
[Result "1/2-1/2"]
[WhiteElo "2281"]
[BlackElo "2385"]
[PlyCount "93"]
[EventDate "2004.??.??"]

1. e4 d6 2. d4 Nf6 3. Nc3 g6 4. Be3 c6 5. Qd2 Nbd7 6. Nf3 Qc7 7. a4 b6 8. Bd3
e5 9. O-O Bg7 10. dxe5 dxe5 11. h3 O-O 12. Rfd1 Bb7 13. Bc4 a6 14. Qd6 Rac8 15.
Bb3 b5 16. axb5 cxb5 17. Qe7 Nb8 18. Qxc7 Rxc7 19. Nd5 Nxd5 20. exd5 h6 21. Nd2
Kh7 22. Ne4 f5 23. Nc5 f4 24. Ne6 Rcc8 25. Nxf8+ Bxf8 26. Bd2 Bd6 27. g3 g5 28.
gxf4 gxf4 29. Kh2 Nd7 30. c4 e4 31. f3 Ne5 32. Rf1 Nxc4 33. Bc3 b4 34. Bd4 Nd2
35. Ba4 Bxd5 36. Rf2 Nxf3+ 37. Rxf3 exf3 38. Rg1 Bf8 39. h4 f2 40. Bxf2 Bg7 41.
Rd1 Be4 42. Rd7 Kh8 43. Bd4 Bxd4 44. Rxd4 Bc2 45. Rxb4 Bxa4 46. Rxa4 Rc2+ 47.
Kh3 1/2-1/2

[Event "BL 0405 TV Tegernsee - SG Köln Porz"]
[Site "?"]
[Date "2004.11.14"]
[Round "2.1"]
[White "Lutz, Christopher"]
[Black "Khenkin, Igor"]
[Result "1-0"]
[WhiteElo "2596"]
[BlackElo "2587"]
[PlyCount "63"]
[EventDate "2004.??.??"]

1. e4 c6 2. d4 d5 3. Nc3 dxe4 4. Nxe4 Bf5 5. Ng3 Bg6 6. h4 h6 7. Nf3 Nd7 8. h5
Bh7 9. Bd3 Bxd3 10. Qxd3 e6 11. Bf4 Qa5+ 12. Bd2 Bb4 13. c3 Be7 14. c4 Qc7 15.
d5 O-O-O 16. O-O Ngf6 17. Qe2 Bd6 18. dxc6 bxc6 19. Ne4 Nxe4 20. Qxe4 Nf6 21.
Qe1 Qb7 22. Ba5 Bc7 23. b4 Nxh5 24. Bxc7 Qxc7 25. b5 Nf4 26. bxc6 Qxc6 27. Rb1
Nd3 28. Qa5 Rd7 29. Rb3 Rhd8 30. Rfb1 Rc7 31. Qd2 Qd6 32. Ne5 1-0

[Event "BL 0405 TV Tegernsee - SG Köln Porz"]
[Site "?"]
[Date "2004.11.14"]
[Round "2.2"]
[White "Sokolov, Andrei"]
[Black "Van Wely, Loek"]
[Result "1/2-1/2"]
[WhiteElo "2591"]
[BlackElo "2681"]
[PlyCount "85"]
[EventDate "2004.??.??"]

1. e4 c5 2. Nf3 Nc6 3. d4 cxd4 4. Nxd4 Nf6 5. Nc3 e5 6. Ndb5 d6 7. Bg5 a6 8.
Na3 b5 9. Nd5 Be7 10. Nxe7 Nxe7 11. Bxf6 gxf6 12. c4 Bb7 13. Bd3 bxc4 14. Nxc4
d5 15. exd5 Qxd5 16. Nd6+ Kf8 17. Be4 Qa5+ 18. Qd2 Qxd2+ 19. Kxd2 Rd8 20. Bxb7
Rxd6+ 21. Kc3 Nf5 22. Rad1 Nd4 23. b3 Ke7 24. Kb2 a5 25. Be4 Rb8 26. Bd3 f5 27.
Rhe1 Kf6 28. Bc4 f4 29. Rd3 Rc6 30. Rc1 a4 31. g3 f3 32. Bd5 Rxc1 33. Kxc1 Rd8
34. Be4 Ke7 35. g4 Rc8+ 36. Kd1 axb3 37. axb3 Rb8 38. Bxf3 Nxb3 39. Be4 h6 40.
Rc3 Rd8+ 41. Ke2 Nd4+ 42. Ke3 Ne6 43. Bf5 1/2-1/2

[Event "BL 0405 TV Tegernsee - SG Köln Porz"]
[Site "?"]
[Date "2004.11.14"]
[Round "2.5"]
[White "Beliavsky, Alexander G"]
[Black "Boensch, Uwe"]
[Result "1/2-1/2"]
[WhiteElo "2660"]
[BlackElo "2540"]
[PlyCount "71"]
[EventDate "2004.??.??"]

1. d4 d5 2. c4 e6 3. Nc3 Nf6 4. cxd5 exd5 5. Bg5 Be7 6. e3 c6 7. Bd3 Nbd7 8.
Qc2 Nh5 9. Bxe7 Qxe7 10. Nge2 g6 11. O-O O-O 12. Rae1 Nb6 13. Nc1 Be6 14. Nb3
Nd7 15. Na4 Rac8 16. Qd2 Nhf6 17. f3 b6 18. Rc1 c5 19. dxc5 Nxc5 20. Nbxc5 bxc5
21. Rfe1 Rfd8 22. Qa5 c4 23. Bf1 Rb8 24. b3 cxb3 25. axb3 Rxb3 26. Rc7 Qb4 27.
Qxb4 Rxb4 28. Nc5 Ra8 29. Ra1 a5 30. Rc6 a4 31. Ra6 Rxa6 32. Bxa6 Bd7 33. Be2
Bc6 34. Bd1 d4 35. exd4 Rxd4 36. Bxa4 1/2-1/2

[Event "BL 0405 TV Tegernsee - SG Köln Porz"]
[Site "?"]
[Date "2004.11.14"]
[Round "2.6"]
[White "Kindermann, Stefan"]
[Black "Graf, Alexander"]
[Result "1-0"]
[WhiteElo "2536"]
[BlackElo "2646"]
[PlyCount "83"]
[EventDate "2004.??.??"]

1. e4 c6 2. d4 d5 3. exd5 cxd5 4. c4 Nf6 5. Nc3 g6 6. Qb3 Bg7 7. cxd5 O-O 8.
Be2 Na6 9. Bf3 Qa5 10. Nge2 Rd8 11. O-O Qb4 12. Bf4 Bg4 13. d6 Bxf3 14. Qxb4
Nxb4 15. dxe7 Rd7 16. gxf3 Nd3 17. Bg5 Nxb2 18. Rab1 Nc4 19. Rfc1 Nd6 20. Ng3
h6 21. Bf4 Nc8 22. Nce4 Nxe7 23. Nc5 Rxd4 24. Be3 Rh4 25. Rxb7 Nfd5 26. Bd2 Nc6
27. Kg2 Ne5 28. Nce4 Nd3 29. Rcb1 N5f4+ 30. Kg1 Bd4 31. Be3 Nh3+ 32. Kf1 Bxe3
33. fxe3 Ng5 34. Kg2 Ne5 35. Nf6+ Kg7 36. Nfh5+ Kf8 37. f4 gxh5 38. Rb8+ Rxb8
39. Rxb8+ Ke7 40. Nf5+ Kd7 41. Nxh4 Nc6 42. fxg5 1-0

[Event "BL 0405 TV Tegernsee - SG Köln Porz"]
[Site "?"]
[Date "2004.11.14"]
[Round "2.7"]
[White "Gurevich, Mikhail"]
[Black "Hertneck, Gerald"]
[Result "1-0"]
[WhiteElo "2644"]
[BlackElo "2552"]
[PlyCount "145"]
[EventDate "2004.??.??"]

1. d4 Nf6 2. c4 e6 3. Nc3 Bb4 4. Qc2 O-O 5. a3 Bxc3+ 6. Qxc3 b6 7. Bg5 Bb7 8.
f3 d5 9. e3 Nbd7 10. cxd5 exd5 11. Bd3 h6 12. Bh4 Qe7 13. Ne2 c5 14. Bb5 Rad8
15. O-O Rfe8 16. Bf2 Rc8 17. Qd2 Bc6 18. Ba6 Rb8 19. Bd3 c4 20. Bc2 b5 21. Ng3
Qf8 22. Be1 Re6 23. Qf2 g6 24. Bb4 Qg7 25. Rae1 Rbe8 26. Bd2 Nb6 27. Ne2 Na4
28. Nf4 R6e7 29. Bb4 Rd7 30. Rb1 Nh7 31. Ne2 h5 32. Nc3 Nxc3 33. Bxc3 Qh6 34.
Rbe1 f5 35. h4 Nf6 36. Qg3 Kf7 37. Bd2 Qg7 38. Qf4 Kg8 39. Bb4 Re6 40. Re2 a6
41. Kf2 Rd8 42. Rh1 Kh7 43. Ke1 Qh6 44. Qg5 Rde8 45. Kd2 Kg7 46. Bxf5 Qxg5 47.
hxg5 gxf5 48. gxf6+ Rxf6 49. Rxh5 Bd7 50. Ba5 Rh6 51. Rxh6 Kxh6 52. Re1 Rh8 53.
Kc3 Kg6 54. Kb4 Kf7 55. Bc7 Rg8 56. Re2 Rg6 57. Bf4 Rg8 58. Ka5 Rc8 59. Rc2 Rc6
60. g3 Be8 61. Kb4 Kg8 62. Rh2 a5+ 63. Kxa5 c3 64. bxc3 Rc4 65. Rh6 Ra4+ 66.
Kb6 Rxa3 67. Re6 Kf7 68. Re5 Rxc3 69. Rxf5+ Ke6 70. Re5+ Kf7 71. Rxd5 b4 72.
Rc5 Rxc5 73. dxc5 1-0

[Event "BL 0405 TV Tegernsee - SG Köln Porz"]
[Site "?"]
[Date "2004.11.14"]
[Round "2.8"]
[White "Teske, Henrik"]
[Black "Hansen, Curt"]
[Result "0-1"]
[WhiteElo "2538"]
[BlackElo "2633"]
[PlyCount "75"]
[EventDate "2004.??.??"]

1. e4 c5 2. Nf3 d6 3. d4 cxd4 4. Nxd4 Nf6 5. Nc3 a6 6. Bg5 e6 7. f4 Qb6 8. Qd2
Nc6 9. Nxc6 bxc6 10. Na4 Qc7 11. Bd3 Be7 12. O-O-O h6 13. Bh4 d5 14. e5 Ne4 15.
Bxe4 Bxh4 16. Bf3 Rb8 17. Kb1 c5 18. g3 Be7 19. c4 d4 20. b3 Bd7 21. Nb2 a5 22.
Ka1 O-O 23. Rhe1 a4 24. Nxa4 Qa7 25. Qd3 Bxa4 26. bxa4 Bd8 27. Bc6 Ba5 28. Rc1
Bxe1 29. Rxe1 Qa5 30. Re2 Rfd8 31. Bb5 Qc3+ 32. Qxc3 dxc3 33. Kb1 Rd2 34. Rxd2
cxd2 35. Kc2 Rd8 36. Kd1 Rd3 37. Bc6 Kf8 38. Be4 0-1

[Event "BL 0405 Solinger SG - SC Baden Oos"]
[Site "?"]
[Date "2004.11.14"]
[Round "2.2"]
[White "Gabriel, Christian"]
[Black "Shirov, Alexei"]
[Result "1/2-1/2"]
[WhiteElo "2556"]
[BlackElo "2726"]
[PlyCount "43"]
[EventDate "2004.??.??"]

1. d4 d5 2. c4 c6 3. Nf3 Nf6 4. Qb3 dxc4 5. Qxc4 Bf5 6. g3 Nbd7 7. Bg2 e6 8.
O-O Be7 9. Qb3 Qb6 10. Nbd2 O-O 11. Nc4 Qxb3 12. axb3 Be4 13. Bf4 Nd5 14. Bd6
a6 15. Nfe5 Bxg2 16. Kxg2 Bxd6 17. Nxd6 Nxe5 18. dxe5 Rab8 19. Rfd1 f6 20. exf6
Nxf6 21. Rd3 Rfd8 22. Rad1 1/2-1/2